Účtovné a daňové dôsledky vyraďovania dlhodobého hmotného majetku bakalárska práca

Guardado en:
Detalles Bibliográficos
Autor principal: Švecová, Romana
Autor Corporativo: Fakulta hospodárskej informatiky EU. Katedra účtovníctva a audítorstva
Otros Autores: Turská, Eva
Formato: Libro
Lenguaje:eslovaco
Publicado: Bratislava 2011
Etiquetas: Agregar Etiqueta
Sin Etiquetas, Sea el primero en etiquetar este registro!

MARC

LEADER 00000nbm a2200000 4500
001 0141237
005 20161109111744.4
041 0 |a slo 
044 |a SK 
245 1 0 |a Účtovné a daňové dôsledky vyraďovania dlhodobého hmotného majetku  |b bakalárska práca  |c Romana Švecová ; školiteľ: Eva Turská 
264 1 |a Bratislava  |c 2011 
300 |a 41 s. 
100 1 |a Švecová, Romana 
700 1 |a Turská, Eva 
710 2 |a Fakulta hospodárskej informatiky EU. Katedra účtovníctva a audítorstva